All LaLiga Strikers 23/24 - Statistics

General Stats
  • This quiz has been taken 45 times
  • The average score is 30 of 62
Answer Stats
Club Nation # Answer % Correct
Barcelona Poland 9 Robert Lewandowski
88%
Villarreal Norway 11 Alexander Sorloth
79%
Atletico France 7 Antoine Griezmann
79%
Real Betis Brazil 12 Willian Jose
79%
Celta Spain 10 Iago Aspas
76%
Real Madrid Spain 14 Joselu
76%
Girona Ukraine 9 Artem Dovbyk
74%
Atletico Netherlands 9 Memphis Depay
71%
Villarreal Spain 7 Gerard Moreno
69%
Mallorca Kosovo 7 Vedat Muriqi
69%
Barcelona Brazil 19 Vitor Roque
69%
Girona Uruguay 7 Cristhian Stuani
67%
Almeria Colombia 9 Luis Suarez
67%
Sevilla Morocco 15 Youssef En-Nesyri
67%
Atletico Spain 19 Alvaro Morata
62%
Osasuna Croatia 17 Ante Budimir
62%
Getafe Spain 19 Borja Mayoral
62%
Rayo Vallecano Colombia 9 Radamel Falcao
62%
Real Sociedad Portugal 21 Andre Silva
60%
Bilbao Spain 12 Gorka Guruzeta
60%
Valencia Spain 9 Hugo Duro
60%
Real Betis DR Congo 11 Cedric Bakambu
57%
Celta Norway 18 Jorgen Strand Larsen
57%
Alaves Spain 15 Kike Garcia
57%
Sevilla Dominican Rep 12 Mariano Diaz
55%
Bilbao Spain 22 Raul Garcia
55%
Osasuna Spain 23 Raul Garcia
55%
Real Sociedad Nigeria 19 Umar Sadiq
55%
Valencia Spain 22 Alberto Mari
52%
Celta Greece 12 Anastasios Douvikas
52%
Real Sociedad Suriname 11 Sheraldo Becker
52%
Real Betis Argentina 9 Chimy Avila
50%
Sevilla Spain 20 Isaac Romero
48%
Barcelona Spain 38 Marc Guiu
48%
Rayo Vallecano Spain 34 Sergio Camello
48%
Mallorca Canada 17 Cyle Larin
45%
Getafe Spain 7 Jaime Mata
45%
Rayo Vallecano Spain 22 Raul de Tomas
45%
Cadiz Uruguay 25 Maxi Gomez
43%
Valencia Ukraine 17 Roman Yaremchuk
43%
Almeria Honduras 15 Choco Lozano
40%
Mallorca Spain 9 Abdon Prats
38%
Bilbao Spain 20 Asier Villalibre
38%
Real Sociedad Spain 9 Carlos Fernandez
38%
Getafe Spain 14 Juanmi Latasa
38%
Almeria Brazil 12 Leo Baptistao
38%
Las Palmas Spain 9 Sandro
38%
Granada Argentina 7 Lucas Boye
36%
Villarreal Spain 15 Morales
36%
Alaves Spain 32 Samu Omorodion
36%
Cadiz Spain 16 Chris Ramos
33%
Alaves Argentina 20 Giuliano Simeone
33%
Sevilla Spain 9 Rafa Mir
33%
Las Palmas Guinea 16 Sory Kaba
33%
Cadiz Spain 7 Ruben Sobrino
24%
Las Palmas Spain 19 Marc Cardona
19%
Almeria Mali 23 Ibrahima Kone
17%
Las Palmas Spain 7 Christian Herrera
12%
Granada Uruguay 8 Matias Arezo
12%
Cadiz Spain 21 Roger
12%
Almeria Serbia 29 Marko Milovanovic
10%
Sevilla Argentina 10 Alejo Veliz
7%
No matching quizzes found
Score Distribution
Percent of People with Each Score
Percentile by Number Answered
Your Score History
You have not taken this quiz